Normal view
MARC view
- قانون المالكين والمستأجرين -- الأردن
Entry Topical Term
001 - CONTROL NUMBER
- control field: 50200
003 - CONTROL NUMBER IDENTIFIER
- control field: JO-AjAnu
005 - DATE AND TIME OF LATEST TRANSACTION
- control field: 20230606082252.0
008 - FIXED-LENGTH DATA ELEMENTS
- fixed length control field: 230606|| aca||aabn | a|a d
040 ## - CATALOGING SOURCE
- Original cataloging agency: JO-AjAnu
- Transcribing agency: JO-AjAnu
150 ## - HEADING--TOPICAL TERM
- Topical term or geographic name entry element: قانون المالكين والمستأجرين -- الأردن
670 ## - SOURCE DATA FOUND
- Source citation: Work cat.: (JO-AjAnu)25666: شوشاري، صلاح الدين محمد , author 50199, شرح التعديلات الجديدة في قانون المالكين والمستأجرين المعدل رقم 17 لسنة 2009 والمعدل رقم 43 لسنة 2010